Alle Länder des Königreichs Österreich-Ungarn - Statistiken

Allgemein
  • Dieses Quiz wurde 18 mal gespielt
  • Das Durchschnittsergebnis liegt bei 9 aus 12
Antwortstatistiken
Antwort % Korrekt
Ungarn
100%
Österreich
93%
Slowenien
93%
Polen
86%
Rumänien
86%
Serbien
86%
Slowakei
86%
Bosnien und Herzegowina
79%
Italien
79%
Tschechien
79%
Ukraine
57%
China
7%
Keine übereinstimmenden Quizze gefunden
Verteilung der Resultate
Anzahl Personen mit jedem Resultat
Perzentil nach korrekt beantworteten Fragen
Ihre Resultats-Entwicklung
Sie haben dieses Quiz noch nicht gespielt